00000000nam 2200000zi 4500
0019.932919
003CaOODSP
00520250109082755
006m     o  d f      
007cr mn|||||||||
008240125s1981    onca    or   f000 0 eng d
040 |aCaOODSP|beng|erda|cCaOODSP
0410 |aeng|afre
043 |an-cn---
045 |ax8x8
0861 |aId36-16/1981-PDF
24500|aFood service equipment from Canada / |cprepared by the Service Industries Division of the Machinery Branch, Department of Industry, Trade and Commerce = Équipement canadien de service des aliments / préparé par la Division des industries de service de la Direction de la machinerie, Ministère de l'industrie et du commerce.
24611|aÉquipement canadien de service des aliments
24614|aFood service equipment = |bÉquipement de service des aliments
264 1|aOttawa : |bGovernment of Canada, Industry, Trade and Commerce = Gouvernement du Canada, Industrie et commerce, |c1981.
300 |a1 online resource (45 pages, 1 folded sheet) : |billustrations
336 |atext|btxt|2rdacontent
337 |acomputer|bc|2rdamedia
338 |aonline resource|bcr|2rdacarrier
500 |aDigitized edition from print [produced by Innovation, Science and Economic Development Canada].
546 |aText in English and French.
650 0|aFood service|zCanada|xEquipment and supplies|vDirectories.
650 0|aFood service equipment industry|zCanada|vDirectories.
655 7|aDirectories|2lcgft
7101 |aCanada. |bDepartment of Industry, Trade and Commerce. |bMachinery Branch, |eissuing body.
788 |tFood service equipment from Canada / |efre|w(CaOODSP)9.946652
85640|qPDF|s7.05 MB|uhttps://publications.gc.ca/collections/collection_2025/isde-ised/Id36-16-1981.pdf